RuPaul's Drag Race US Lip Sync Songs - Statistics

General Stats
  • This quiz has been taken 43 times
    39 since last reset
  • The average score is 144 of 310
Answer Stats
Season Episode Contestants Answer % Correct
Season 13 Social Media: The Unverified Rusical Kandy Muse vs. Symone 'Bo$$' by Fifth Harmony
82%
Season 1 Grand Finale Nina Flowers vs. BeBe Zahara Benet 'Cover Girl (Put The Bass In Your Walk)' by RuPaul
82%
Season 2 Gone With The Windows Sahara Davenport vs. Shangela 'Cover Girl (Put The Bass In Your Walk)' by RuPaul
82%
Season 1 Drag School Of Charm Ongina vs. BeBe Zahara Benet 'Stronger' by Britney Spears
82%
Season 9 Grand Finale Peppermint vs. Trinity The Tuck 'Stronger' by Britney Spears
82%
Season 6 Glitter Ball Darienne Lake vs. BenDeLaCreme 'Stronger (What Doesn't Kill You)' by Kelly Clarkson
82%
Season 10 Grand Finale Aquaria vs. Eureka 'If' by Janet Jackson
79%
Season 2 Rocker Chicks Jujubee vs. Sahara Davenport 'Black Velvet' by Alannah Myles
75%
Season 4 Frenemies Phi Phi O'Hara vs. Sharon Needles 'It's Raining Men… The Sequel' by Martha Wash & RuPaul
75%
Season 4 RuPocalypse Now! Jiggly Caliente vs. Alisa Summers 'Toxic' by Britney Spears
75%
Season 5 RuPaul Roast Alyssa Edwards vs. Roxxxy Andrews 'Whip My Hair' by Willow Smith
75%
Season 8 New Wave Queens Naysha Lopez vs. Chi Chi Devayne 'Call Me' by Blondie
71%
Season 8 Bitch Perfect Dax ExclamationPoint vs. Laila McQueen 'I Will Survive' by Gloria Gaynor
71%
Season 7 Hello, Kitty Girls Kennedy Davenport vs. Katya 'Roar' by Katy Perry
71%
Season 4 Glamazons vs. Champions Dida Ritz vs. The Princess 'This Will Be (An Everlasting Love)' by Natalie Cole
71%
All Stars 4 LaLaPaRUza Naomi Smalls vs. Gia Gunn 'Adrenaline' by RuPaul
68%
All Stars 3 All-Star Variety Show BenDeLaCreme vs. Aja 'Anaconda' by Nicki Minaj
68%
Season 3 Queens in Space Delta Work vs. Phoenix 'Bad Romance' by Lady Gaga
68%
Season 15 Two Queens, One Joke Marcia Marcia Marcia vs. Anetra 'Boss Bitch' by Doja Cat
68%
Season 7 Ru Hollywood Stories Kandy Ho vs. Jaidynn Diore Fierce 'Break Free' by Ariana Grande
68%
All Stars 1 Dynamic Drag Duos Jujubee vs. Raven 'Dancing On My Own' by Robyn
68%
Season 9 Gayest Ball Ever Peppermint vs. Alexis Michelle 'Macho Man' by Village People
68%
Season 5 Black Swan: Why It Gotta Be Black? Honey Mahogany vs. Vivienne Pinay 'Oops!... I Did It Again' by Britney Spears
68%
Season 10 The Last Ball On Earth Dusty Ray Bottoms vs. Monet X Change 'Pound The Alarm' by Nicki Minaj
68%
All Stars 2 Revenge Of The Queens Tatianna vs. Alyssa Edwards 'Shut Up And Drive' by Rihanna
68%
Season 6 Sissy That Walk Courtney Act vs. Darienne Lake vs. Bianca Del Rio vs. Adore Delano 'Sissy That Walk' by RuPaul
68%
All Stars 4 LaLaPaRUza Latrice Royale vs. Mo Heart 'Sissy That Walk' by RuPaul
68%
Season 9 Grand Finale Shea Coulee vs. Sasha Velour 'So Emotional' by Whitney Houston
68%
Season 11 Snatch Game at Sea Brooke Lynn Hytes vs. Yvie Oddly 'Sorry Not Sorry' by Demi Lovato
68%
Season 12 I'm That Bitch Gigi Goode vs. Widow Von'Du 'Starships' by Nicki Minaj
68%
Season 1 Drag on a Dime Akashia vs. Victoria "Porkchop" Parker 'Supermodel (You Better Work)' by RuPaul
68%
Season 6 Drag Queens Of Talk Trinity K. Bonet vs. Adore Delano 'Vibeology' by Paula Abdul
68%
Season 4 DILFs: Dads I'd Like To Frock Latrice Royale vs. Kenya Michaels '(You Make Me Feel Like) A Natural Woman' by Aretha Franklin
68%
Season 8 Shady Politics Thorgy Thor vs. Chi Chi Devayne 'And I Am Telling You I'm Not Going' by Jennifer Holliday
64%
Season 10 Grand Finale Eureka vs. Kameron Michaels vs. Aquaria 'Bang Bang' by Jessie J, Ariana Grande, & Nicki Minaj
64%
Season 16 See You Next Wednesday Mhi'ya Iman Le'Paige vs. Plasma 'Bloody Mary (TikTok Sped Up Version)' by Lady Gaga
64%
Season 5 Drama Queens Coco Montrese vs. Alyssa Edwards 'Cold Hearted' by Paula Abdul
64%
Season 6 Shade: The Rusical Trinity K. Bonet vs. April Carrion 'I'm Every Woman' by Chaka Khan
64%
Season 5 Can I Get An Amen? Coco Montrese vs. Jade Jolie 'I'm So Excited' by The Pointer Sisters
64%
Season 3 Face, Face, Face of Cakes Alexis Mateo vs. Stacy Layne Matthews 'Knock On Wood' by Amii Stewart
64%
Season 15 Grand Finale Sasha Colby vs. Anetra 'Knock On Wood' by Amii Stewart
64%
Season 3 Ru Ha Ha Manila Luzon vs. Delta Work 'MacArthur Park' by Donna Summer
64%
All Stars 2 All Star Talent Show Extravaganza Roxxxy Andrews vs. Tatianna 'Shake It Off' by Taylor Swift
64%
Season 12 The Ball Ball Rock M. Sakura vs. Brita 'S&M' by Rihanna
64%
Season 6 Drag Queens Of Comedy Joslyn Fox vs. Laganja Estranja 'Stupid Girls' by P!nk
64%
Season 2 The Snatch Game Kylie Sonique Love vs. Morgan McMichaels 'Two Of Hearts' by Stacey Q
64%
Season 4 Snatch Game Milan vs. Kenya Michaels 'Vogue' by Madonna
64%
Season 8 RuPaul Book Ball Derrick Barry vs. Bob The Drag Queen 'You Make Me Feel (Mighty Real)' by Sylvester
64%
All Stars 8 The Supermarket Ball Ra'Jah O'Hara vs. Jessica Wild 'Coconuts' by Kim Petras
61%
Season 9 9021-HO Nina Bo'nina Brown vs. Aja 'Finally' by CeCe Peniston
61%
Season 15 LipSync Lalaparuza Smackdown Anetra vs. Jax 'Finally' by CeCe Peniston
61%
Season 16 The Sound Of Rusic Mhi'ya Iman Le'Paige vs. Megami 'Flowers' by Miley Cyrus
61%
Season 4 The Final Three Sharon Needles vs. Chad Michaels vs. Phi Phi O'Hara 'Glamazon' by RuPaul
61%
Season 9 Your Pilot's On Fire Nina Bo'nina Brown vs. Valentina 'Greedy' by Ariana Grande
61%
All Stars 7 The Realness of Fortune Ball Trinity The Tuck vs. Jaida Essence Hall 'Green Light' by Beyonce
61%
All Stars 3 The Bitchelor BenDeLaCreme vs. Kennedy Davenport 'Green Light' by Lorde
61%
All Stars 4 Super Girl Groups, Henny Monet X Change vs. Valentina 'Into You' by Ariana Grande
61%
Season 2 Grand Finale Tyra Sanchez vs. Raven 'Jealous Of My Boogie' by RuPaul
61%
Season 9 She Done Already Done Brought It On Kimora Blac vs. Jaymes Mansfield 'Love Shack' by The B-52's
61%
All Stars 5 Clap Back! Miz Cracker vs. Shea Coulee vs. Jujubee 'Make Me Feel' by Janelle Monet
61%
All Stars 1 Queens Behaving Badly Jujubee vs. Manila Luzon 'Nasty' by Janet Jackson
61%
Season 10 Grand Finale Asia O'Hara vs. Kameron Michaels 'Nasty' by Janet Jackson
61%
Season 11 Bring Back My Queens! Nina West vs. Silky Nutmeg Ganache 'No Scrubs' by TLC
61%
Season 5 RuPaullywood or Bust Serena Chacha vs. Penny Tration 'Party In The U.S.A.' by Miley Cyrus
61%
All Stars 7 Lip Sync LaLaPaRuza Smackdown Jinkx Monsoon vs. Monet X Change 'Swish Swish' by Katy Perry & Nicki Minaj
61%
Season 12 Grand Finale Gigi Goode 'Take On Me' by A-ha
61%
Season 11 Grand Finale Yvie Oddly vs. Brooke Lynn Hytes 'The Edge Of Glory' by Lady Gaga
61%
Season 8 The Realness Kim Chi vs. Naomi Smalls vs. Bob The Drag Queen vs. Chi Chi Devayne 'The Realness' by RuPaul
61%
Season 13 RuPaulmark Channel Denali vs. Kahmora Hall '100% Pure Love' by Crystal Waters
57%
Season 8 Keeping It 100! Naysha Lopez vs. Laila McQueen 'Applause' by Lady Gaga
57%
All Stars 6 Rudemption Lip-Sync Smackdown Silky Nutmeg Ganache 'Barbie Girl' by Aqua
57%
Season 13 The Pork Chop Kandy Muse vs. Joey Jay 'Call Me Maybe' by Carly Rae Jepsen
57%
Season 3 Grand Finale Raja vs. Manila Luzon 'Champion' by RuPaul
57%
Season 9 Makeovers: Crew Better Work Nina Bo'nina Brown vs. Shea Coulee 'Cool For The Summer' by Demi Lovato
57%
Season 16 RDR Live! Geneva Karr vs. Mirage 'Dark Lady' by Cher
57%
Season 12 Choices 2020 Widow Von'Du vs. Jackie Cox 'Firework' by Katy Perry
57%
Season 9 Daggily Ever After Aja vs. Kimora Blac 'Holding Out For A Hero' by Bonnie Tyler
57%
Season 16 Snatch Game Morphine Love Dion vs. Xunami Muse 'I Wanna Dance With Somebody (Who Loves Me)' by Whitney Houston
57%
Season 9 Good Morning Bitches Charlie Hides vs. Trinity The Tuck 'I Wanna Go' by Britney Spears
57%
All Stars 3 Divas Lip Sync Live BenDeLaCreme vs. Shangela 'Jump (For My Love)' by The Pointer Sisters
57%
All Stars 4 LaLaPaRUza Valentina vs. Farrah Moan 'Kitty Girl' by RuPaul
57%
Season 12 Snatch Game Aiden Zhane vs. Brita 'Let It Go' by Caissie Levy
57%
Season 3 Life, Liberty & The Pursuit Of Style Carmen Carrera vs. Yara Sofia 'Mickey (Spanish Version)' by Toni Basil
57%
Season 9 Snatch Game Cynthia Lee Fontaine vs. Peppermint 'Music' by Madonna
57%
Season 13 Pop! Goes The Queen Utica vs. Tina Burner 'My Humps' by Black Eyed Peas
57%
All Stars 4 LaLaPaRUza Jasmine Masters vs. Trinity The Tuck 'Peanut Butter' by RuPaul & Big Freedia
57%
All Stars 6 Pink Table Talk Mayhem Miller vs. Ginger Minj 'Phone' by Lizzo
57%
All Stars 6 Side Hustles Trinity K. Bonet vs. Laganja Estranja 'Physical' by Dua Lipa
57%
Season 14 An Extra Special Episode Daya Betty vs. Jasmine Kennedie 'Respect' by Aretha Franklin
57%
Season 6 Scream Queens April Carrion vs. Vivacious 'Shake It Up' by Selena Gomez
57%
Season 6 Drag My Wedding Adore Delano vs. Joslyn Fox 'Think' by Aretha Franklin
57%
Season 1 Girl Groups Akashia vs. Tammie Brown 'We Break The Dawn' by Michelle Williams
57%
Season 5 Draggle Rock Coco Montrese vs. Monica Beverly Hillz 'When I Grow Up' by The Pussycat Dolls
57%
Season 13 The Pork Chop LaLa Ri vs. Denali 'When I Grow Up' by The Pussycat Dolls
57%
Season 11 Good God Girl, Get Out Mercedes Iman Diamond vs. Kahanna Montrese 'Work Bitch' by Britney Spears
57%
Season 13 Grand Finale Rosé vs. Kandy Muse 'Work Bitch' by Britney Spears
57%
All Stars 3 A Jury of Their Queers Trixie Mattel vs. Kennedy Davenport 'Wrecking Ball' by Miley Cyrus
57%
Season 15 One Night Only, Part 2 Amethyst vs. Irene Dubois '7 Rings' by Ariana Grande
54%
Season 15 All Queens Go to Heaven Amethyst vs. Princess Poppy 'Ain't No Mountain High Enough' by Diana Ross
54%
Season 4 WTF!: Wrestling's Trashiest Fighters The Princess vs. LaShauwn Beyond 'Bad Girls' by Donna Summer
54%
Season 4 Float Your Boat Jiggly Caliente vs. Milan 'Born This Way' by Lady Gaga
54%
Season 12 You Don't Know Me Sherry Pie vs. Jaida Essence Hall 'Call Your Girlfriend' by Robyn
54%
Season 13 The Bag Ball LaLa Ri vs. Joey Jay 'Fancy' by Iggy Azalea & Charli XCX
54%
All Stars 5 Stand-Up Smackdown Kennedy Davenport vs. Miz Cracker 'Fancy' by Reba McEntire
54%
Season 14 Grand Finale Lady Camden vs. Willow Pill 'Gimme! Gimme! Gimme! (A Man After Midnight)' by Cher
54%
Season 13 Phenomenon Rosé vs. Denali 'If U Seek Amy' by Britney Spears
54%
All Stars 3 All Stars Snatch Game BenDeLaCreme vs. Shangela 'I Kissed A Girl' by Katy Perry
54%
Season 10 Drag Con Panel Extravaganza Blair St. Clair vs. The Vixen 'I'm Coming Out' by Diana Ross
54%
Season 12 Grand Finale Crystal Methyd 'I'm Like A Bird' by Nelly Furtado
54%
Season 9 Grand Finale Sasha Velour vs. Peppermint 'It's Not Right But It's Okay (Thunderpuss Remix)' by Whitney Houston
54%
All Stars 7 Lip Sync LaLaPaRuza Smackdown Jinkx Monsoon vs. Shea Coulee 'Judas' by Lady Gaga
54%
All Stars 5 Get A Room Monet X Change vs. Jujubee 'Juice' by Lizzo
54%
Season 13 The Pork Chop Tina Burner vs. Elliott with 2 Ts vs. Kahmora Hall 'Lady Marmalade' by Christina Aguilera, P!nk, Mya, & Lil Kim
54%
All Stars 5 All Star Variety Extravaganza Yvie Oddly vs. India Ferrah 'Livin' La Vida Loca' by Ricky Martin
54%
Season 5 Sugar Ball Jinkx Monsoon vs. Detox 'Malambo No. 1' by Yma Sumac
54%
Season 10 The Bossy Rossy Show Monet X Change vs. Mayhem Miller 'Man! I Feel Like A Woman' by Shania Twain
54%
All Stars 7 Legends Monet X Change vs. Shea Coulee 'Old MacDonald' by Ella Fitzgerald
54%
Season 5 Lip Sync Extravaganza Eleganza Monica Beverly Hillz vs. Serena Chacha 'Only Girl (In The World)' by Rihanna
54%
Season 12 World's Worst Nicky Doll vs. Dahlia Sin 'Problem' by Iggy Azalea & Ariana Grande
54%
Season 7 Divine Inspiration Pearl vs. Miss Fame 'Really Don't Care' by Demi Lovato & Cher Lloyd
54%
Season 1 Absolut Drag Ball Shannel vs. Rebecca Glasscock 'Shackles (Praise You)' by Mary Mary
54%
Season 13 Freaky Friday Queens Denali vs. Olivia Lux 'Shackles (Praise You)' by Mary Mary
54%
Season 15 50/50's Most Gagworthy Stars Salina Estitties vs. Malaysia Babydoll Foxx 'Single Ladies (Put A Ring On It)' by Beyonce
54%
Season 3 Jocks in Frocks Raja vs. Carmen Carrera 'Straight Up' by Paula Abdul
54%
Season 12 Grand Finale Jaida Essence Hall vs. Crystal Methyd vs. Gigi Goode 'Survivor' by Destiny's Child
54%
Season 14 Catwalk Angeria Paris VanMichaels vs. Willow Pill 'Telephone' by Lady Gaga & Beyonce
54%
Season 13 Grand Finale Symone vs. Kandy Muse 'Till The World Ends' by Britney Spears
54%
Season 12 One-Queen Show Heidi N Closet vs. Jaida Essence Hall '1999' by Prince
50%
All Stars 6 Drag Tots Ra'Jah O'Hara vs. Kameron Michaels 'Boom Clap' by Charli XCX
50%
Season 11 Grand Finale Brooke Lynn Hytes vs. Silky Nutmeg Ganache 'Bootylicious' by Destiny's Child
50%
Season 7 And The Rest Is Drag Pearl vs. Kennedy Davenport vs. Violet Chachki vs. Ginger Minj 'Born Naked' by RuPaul & Clairy Browne
50%
Season 16 Rate-A-Queen Q vs. Sapphira Cristál 'Break My Soul' by Beyonce
50%
Season 6 RuPaul's Big Opening Vivacious vs. Kelly Mantle 'Express Yourself' by Madonna
50%
All Stars 4 Super Queen Grand Finale Trinity The Tuck vs. Monet X Change 'Fighter' by Christina Aguilera
50%
All Stars 8 The Fame Games Kahanna Montrese vs. Aja 'Freakum Dress' by Beyonce
50%
Season 7 Born Naked Kandy Ho vs. Tempest DuJour 'Geronimo' by RuPaul
50%
Season 14 The Ross Mathews Roast Jorgeous vs. Daya Betty vs. DeJa Skye 'Good 4 U' by Olivia Rodrigo
50%
All Stars 8 Snatch Game Of Love Jasmine Kennedie vs. Jimbo 'Hallucinate' by Dua Lipa
50%
Season 8 Wizards Of Drag Robbie Turner vs. Derrick Barry 'I Love It' by Icona Pop & Charli XCX
50%
Season 14 A Pair of Balls June Jambalaya vs. Maddy Morphosis 'I Love It' by Kylie Minogue
50%
Season 15 LipSync Lalaparuza Smackdown Anetra vs. Sasha Colby 'I'm In Love With A Monster' by Fifth Harmony
50%
Season 13 Nice Queens Roast Utica vs. Symone 'No Tears Left To Cry' by Ariana Grande
50%
Season 14 The Daytona Wind Daya Betty vs. Lady Camden 'One Way Or Another' by Blondie
50%
Season 15 Wigloose: The Rusical! Loosey LaDuca vs. Salina Estitties 'Running Up That Hill (A Deal With God)' by Kate Bush
50%
All Stars 6 Rudemption Lip-Sync Smackdown Silky Nutmeg Ganache vs. Eureka 'Since U Been Gone' by Kelly Clarkson
50%
All Stars 7 Lip Sync LaLaPaRuza Smackdown Trinity The Tuck vs. Monet X Change 'So What' by P!nk
50%
All Stars 6 This Is Our Country Ra'Jah O'Hara vs. Eureka vs. Kylie Sonique Love vs. Ginger Minj 'Stupid Love' by Lady Gaga
50%
All Stars 7 Drag Race Gives Back Variety Extravaganza Shea Coulee vs. Monet X Change 'Supernova' by Kylie Minogue
50%
Season 5 Snatch Game Detox vs. Lineysha Sparx 'Take Me Home' by Cher
50%
All Stars 2 HERstory Of The World Detox vs. Alyssa Edwards 'Tell It To My Heart' by Taylor Dayne
50%
Season 15 LipSync Lalaparuza Smackdown Mistress Isabelle Brooks vs. Jax 'Tell It To My Heart' by Taylor Dayne
50%
Season 11 Whatcha Unpackin? Soju vs. Kahanna Montrese 'The Best Of Both Worlds' by Hannah Montana
50%
All Stars 6 All Star Variety Extravaganza Yara Sofia vs. Coco Montrese 'Uptown Funk' by Mark Ronson & Bruno Mars
50%
Season 9 Reality Stars: The Musical Farrah Moan vs. Cynthia Lee Fontaine 'Woman Up' by Meghan Trainor
50%
Season 10 10s Across The Board Kalorie Karbdashian Williams vs. Vanessa Vanjie Mateo 'Ain't No Other Man' by Christina Aguilera
46%
Season 3 RuPaul-a-Palooza Shangela vs. Carmen Carrera 'Believe' by Cher
46%
Season 8 Supermodel Snatch Game Naomi Smalls vs. Acid Betty 'Causing A Commotion' by Madonna
46%
All Stars 2 Drag Fish Tank Katya vs. Alaska 'Cherry Bomb' by Joan Jett & The Blackhearts
46%
All Stars 1 All Star Girl Groups Raven vs. Alexis Mateo vs. Yara Sofia 'Don't Cha' by The Pussycat Dolls
46%
Season 14 Big Opening #2 Daya Betty vs. DeJa Skye 'Fallin'' by Alicia Keys
46%
Season 10 Social Media Kings Into Queens Kameron Michaels vs. Monet X Change 'Good As Hell' by Lizzo
46%
Season 10 The Unauthorized Rusical The Vixen vs. Asia O'Hara 'Groove Is In The Heart' by Deee-Lite
46%
Season 11 The Draglympics Ra'Jah O'Hara vs. Scarlet Envy 'Last Dance' by Donna Summer
46%
Season 6 Glamazon by Colorevolution BenDeLaCreme vs. Darienne Lake 'Point Of No Return' by Expose
46%
All Stars 6 Rudemption Lip-Sync Smackdown Silky Nutmeg Ganache vs. Yara Sofia 'Point Of No Return' by Expose
46%
Season 13 The Pork Chop Utica vs. Gottmik 'Rumors' by Lindsay Lohan
46%
Season 16 Queen Choice Awards Geneva Karr vs. Plane Jane 'Shower' by Becky G
46%
Season 5 The Final Three, Hunty Jinkx Monsoon vs. Alaska vs. Roxxxy Andrews 'The Beginning' by RuPaul
46%
Season 1 Queens Of All Media Akashia vs. Shannel 'The Greatest Love Of All' by Whitney Houston
46%
Season 3 The Queen Who Mopped Xmas Shangela vs. Venus D-Lite 'The Right Stuff' by Vanessa Williams
46%
Season 15 LipSync Lalaparuza Smackdown Luxx Noir London vs. Jax vs. Anetra 'The Right Stuff' by Vanessa Williams
46%
All Stars 8 You’re A Winner Baby! Nicky Doll vs. Alexis Michelle 'These Boots Are Made For Walkin'' by Nancy Sinatra
46%
Season 11 Diva Worship Honey Davenport vs. Scarlet Envy vs. Ra'Jah O'Hara vs. A'Keria C. Davenport vs. Shuga Cain vs. Plastique Tiara 'Waiting For Tonight (Hex Hector Mix)' by Jennifer Lopez
46%
Season 6 Oh No She Betta Don't! Trinity K. Bonet vs. Milk 'Whatta Man' by Salt-n-Pepa & En Vogue
46%
All Stars 6 Halftime Headliners Jessica Wild vs. Jan 'Womanizer' by Britney Spears
46%
All Stars 7 Draguation Speeches Jinkx Monsoon vs. Raja 'Better In Color' by Lizzo
43%
Season 12 Grand Finale Crystal Methyd vs. Gigi Goode vs. Jaida Essence Hall 'Bring Back My Girls' by RuPaul
43%
All Stars 4 RuPaul's Best Judy's Race Naomi Smalls vs. Monet X Change 'Come Rain Or Come Shine' by Judy Garland
43%
Season 10 Snatch Game The Vixen vs. Mo Heart 'Cut To The Feeling' by Carly Rae Jepsen
43%
All Stars 6 Rumerican Horror Story: Coven Girls Kylie Sonique Love vs. Manila Luzon 'Dirrty' by Christina Aguilera
43%
Season 16 Girl Groups Q vs. Amanda Tori Meating 'Emergency' by Icona Pop
43%
All Stars 4 All Star Super Queen Variety Show Trinity The Tuck vs. Mo Heart 'Emotions' by Mariah Carey
43%
All Stars 6 Rudemption Lip-Sync Smackdown Silky Nutmeg Ganache vs. Pandora Boxx 'Focus' by Ariana Grande
43%
All Stars 6 Rudemption Lip-Sync Smackdown Silky Nutmeg Ganache vs. Jan 'Heartbreaker' by Pat Benatar
43%
All Stars 4 Snatch Game Of Love Trinity The Tuck vs. Manila Luzon 'How Will I Know' by Whitney Houston
43%
All Stars 2 All Stars Snatch Game Alaska vs. Katya 'Le Freak' by Chic
43%
Season 11 Trump: The Rusical Ra'Jah O'Hara vs. Mercedes Iman Diamond 'Living In America' by James Brown
43%
Season 7 The DESPY Awards Mrs. Kasha Davis vs. Kandy Ho 'Lovergirl' by Teena Marie
43%
Season 14 Save a Queen Orion Story vs. Jorgeous 'My Head & My Heart' by Ava Max
43%
All Stars 5 I'm in Love! Alyssa Edwards vs. Shea Coulee 'Neutron Dance' by The Pointer Sisters
43%
Season 11 Dragracadabra Vanessa Vanjie Mateo vs. Shuga Cain 'No More Drama' by Mary J. Blige
43%
All Stars 8 The Fame Games Variety Extravaganza LaLa Ri vs. Jaymes Mansfield 'Rain On Me' by Lady Gaga & Ariana Grande
43%
All Stars 7 Snatch Game Trinity The Tuck vs. Jinkx Monsoon 'Rumour Has It' by Adele
43%
Season 11 Grand Finale A'Keria C. Davenport vs. Yvie Oddly 'SOS' by Rihanna
43%
Season 14 Glamazon Prime Maddy Morphosis vs. Jasmine Kennedie 'Suga Mama' by Beyonce
43%
All Stars 3 Pop Art Ball BeBe Zahara Benet vs. Trixie Mattel 'The Boss' by Diana Ross
43%
All Stars 1 RuPaul's Gaff-In Latrice Royale vs. Tammie Brown 'There's No Business Like Show Business' by Ethel Merman
43%
Season 7 Glamazonian Airways Sasha Belle vs. Katya 'Twist Of Fate' by Olivia Newton-John
43%
Season 15 Supersized Snatch Game Sugar vs. Spice 'You Better Run' by Pat Benatar
43%
All Stars 4 Queens of Clubs Trinity The Tuck vs. Latrice Royale 'You Spin Me Round (Like A Record)' by Dead or Alive
43%
All Stars 8 Forensic Queens LaLa Ri vs. Jorgeous 'About Damn Time' by Lizzo
39%
Season 9 RuPaul Roast Farrah Moan vs. Alexis Michelle 'Baby I'm Burnin'' by Dolly Parton
39%
All Stars 8 Screen Queens Shannel vs. Jimbo 'Bad Reputation' by Joan Jett
39%
Season 15 LipSync Lalaparuza Smackdown Marcia Marcia Marcia vs. Malaysia Babydoll Foxx 'Boys Don't Cry' by Anitta
39%
Season 13 Condragulations Olivia Lux vs. Symone 'Break My Heart' by Dua Lipa
39%
Season 7 Spoof! (There It Is) Pearl vs. Trixie Mattel 'Dreaming' by Blondie
39%
Season 13 The Pork Chop Rosé vs. Olivia Lux 'Ex's & Oh's' by Elle King
39%
All Stars 3 My Best Squirrelfriend's Dragsmaid Wedding Trip Shangela vs. Trixie Mattel 'Freaky Money' by RuPaul & Big Freedia
39%
Season 13 Grand Finale Gottmik vs. Symone 'Gimme More' by Britney Spears
39%
Season 7 Conjoined Queens Jaidynn Diore Fierce vs. Ginger Minj 'I Think We're Alone Now' by Tiffany
39%
Season 15 LipSync Lalaparuza Smackdown Salina Estitties vs. Luxx Noir London 'It's All Coming Back To Me Now' by Celine Dion
39%
Season 12 Superfan Makeover Jackie Cox vs. Heidi N Closet 'Kill The Lights' by Alex Newell, DJ Cassidy & Nile Rodgers
39%
Season 10 Evil Twins Miz Cracker vs. Kameron Michaels 'Nasty Girl' by Vanity 6
39%
All Stars 5 The Charles Family Backyard Ball Miz Cracker vs. Roxxxy Andrews 'One Last Time' by Ariana Grande
39%
Season 12 Viva Drag Vegas Jackie Cox vs. Crystal Methyd 'On The Floor' by Jennifer Lopez & Pitbull
39%
Season 14 She's a Super Tease Alyssa Hunter vs. Kerri Colby 'Play' by Jennifer Lopez
39%
Season 13 Henny, I Shrunk The Drag Queens! Olivia Lux vs. Kandy Muse 'Strong Enough' by Cher
39%
All Stars 7 Santa's School for Girls The Vivienne vs. Raja 'Super Freak' by Rick James
39%
Season 15 The Daytona Wind 2 Jax vs. Aura Mayari 'Sweetest Pie' by Megan Thee Stallion & Dua Lipa
39%
Season 12 Madonna: The Unathorized Rusical Brita vs. Heidi N Closet 'Burning Up' by Madonna
36%
Season 3 RuPaul's Hair Extravaganza Alexis Mateo vs. Shangela 'Even Angels' by Fantasia
36%
All Stars 6 Rudemption Lip-Sync Smackdown Jiggly Caliente vs. Silky Nutmeg Ganache 'Girls Just Want To Have Fun' by Cyndi Lauper
36%
All Stars 6 The Charisma, Uniqueness, Nerve and Talent Monologues Eureka vs. Jaida Essence Hall 'Good Golly, Miss Molly' by Little Richard
36%
All Stars 2 Drag Movie Shequels Alaska vs. Phi Phi O'Hara 'Got To Be Real' by Cheryl Lynn
36%
Season 7 ShakesQueer Kennedy Davenport vs. Jasmine Masters 'I Was Gonna Cancel' by Kylie Minogue
36%
Season 2 Starbootylicious Nicole Paige Brooks vs. Raven 'My Lovin' (You're Never Gonna Get It)' by En Vogue
36%
Season 14 An Extra Special Episode Jorgeous vs. Angeria Paris VanMichaels vs. Lady Camden 'Radio' by Beyonce
36%
All Stars 1 The Grand Finale Chad Michaels vs. Jujubee 'Responsi*******' by RuPaul
36%
Season 2 Golden Gals Jujubee vs. Pandora Boxx 'Shake Your Love' by Debbie Gibson
36%
Season 15 The Crystal Ball: Episode 200 Spice vs. Salina Estitties 'That's What I Want' by Lil Nas X
36%
Season 4 Queens Behind Bars Milan vs. Madame LaQueer 'Trouble' by P!nk
36%
Season 6 RuPaul's Big Opening Part 2 Darienne Lake vs. Magnolia Crawford 'Turn The Beat Around' by Vicki Sue Robinson
36%
Season 10 American Aquaria vs. Eureka vs. Kameron Michaels vs. Asia O'Hara 'Call Me Mother' by RuPaul
32%
Season 10 Tap That App Yuhua Hamasaki vs. Mayhem Miller 'Celebrity Skin' by Hole
32%
Season 16 Welcome to the DollHouse Mhi'ya Iman Le'Paige vs. Geneva Karr 'Control' by Janet Jackson
32%
Season 15 LipSync Lalaparuza Smackdown Malaysia Babydoll Foxx vs. Spice 'Don't Go Yet' by Camila Cabello
32%
Season 3 Totally Leotarded India Ferrah vs. Mimi Imfurst 'Don't Leave Me This Way' by Thelma Houston
32%
All Stars 8 Carson Kressley, This is Your Gay Life Jimbo vs. Silky Nutmeg Ganache 'Freak-A-Zoid' by Midnight Star
32%
All Stars 6 Rudemption Lip-Sync Smackdown Serena ChaCha vs. Jiggly Caliente 'Free Your Mind' by En Vogue
32%
Season 2 Once Upon A Queen Tatianna vs. Jessica Wild 'He's The Greatest Dancer' by Sister Sledge
32%
Season 13 Disco-mentary Tamisha Iman vs. Kandy Muse 'Hit 'Em Up Style (Oops!)' by Blu Cantrell
32%
All Stars 7 The Kennedy Davenport Center Honors Hall of Shade Trinity The Tuck vs. Jinkx Monsoon 'Kings & Queens' by Ava Max
32%
Season 14 An Extra Special Episode Bosco vs. Willow Pill 'Never Too Much' by Luther Vandross
32%
Season 10 Breastworld Kameron Michaels vs. Eureka 'New Attitude' by Patti LaBelle
32%
All Stars 5 Snatch Game Of Love Vanessa Vanjie Mateo vs. Shea Coulee 'Open Your Heart' by Madonna
32%
Season 15 House of Fashion Amethyst vs. Salina Estitties 'Q.U.E.E.N.' by Janelle Monáe
32%
Season 7 Prancing Queens Trixie Mattel vs. Ginger Minj 'Show Me Love' by Robin S.
32%
All Stars 6 Rudemption Lip-Sync Smackdown Silky Nutmeg Ganache vs. Scarlet Envy 'Song For The Lonely' by Cher
32%
All Stars 2 Family That Drags Together Katya vs. Detox 'Step It Up' by RuPaul & Dave Aude
32%
All Stars 6 Snatch Game Of Love Ginger Minj vs. Heidi N Closet 'Sugar Walls' by Sheena Easton
32%
Season 14 An Extra Special Episode Jasmine Kennedie vs. Bosco 'Swept Away' by Diana Ross
32%
Season 13 The Pork Chop Symone vs. Tamisha Iman 'The Pleasure Principle' by Janet Jackson
32%
Season 5 Super Troopers Detox vs. Coco Montrese 'Two To Make It Right' by Seduction
32%
Season 14 Big Opening #1 Orion Story vs. June Jambalaya 'Water Me' by Lizzo
32%
All Stars 5 SheMZ Morgan McMichaels vs. Miz Cracker 'Where Have You Been' by Rihanna
32%
Season 13 Bossy Rossy: The RuBoot Elliott with 2 Ts vs. LaLa Ri 'Whole Lotta Woman' by Kelly Clarkson
32%
Season 10 PharmaRusical Kalorie Karbdashian Williams vs. Eureka 'Best Of My Love' by The Emotions
29%
Season 12 Gay's Anatomy Nicky Doll vs. Heidi N Closet 'Heart To Break' by Kim Petras
29%
Season 2 Country Queens Raven vs. Mystique Summers Madison 'I Hear You Knocking' by Wynonna Judd
29%
Season 11 Monster Ball Ariel Versace vs. Shuga Cain 'I'm Your Baby Tonight' by Whitney Houston
29%
Season 4 Frock The Vote! Latrice Royale vs. Dida Ritz 'I've Got To Use My Imagination' by Gladys Knight & The Pips
29%
All Stars 4 Roast in Peace Monet X Change vs. Manila Luzon 'Jump To It' by Aretha Franklin
29%
Season 14 An Extra Special Episode Angeria Paris VanMichaels vs. Jasmine Kennedie 'Love Don't Cost A Thing' by Jennifer Lopez
29%
Season 3 QNN News Stacy Layne Matthews vs. India Ferrah 'Meeting In The Ladies Room' by Klymaxx
29%
Season 4 Dragazines Willam vs. Jiggly Caliente 'Mi Vida Loca' by Pam Tillis
29%
All Stars 7 Lip Sync LaLaPaRuza Smackdown Yvie Oddly vs. Raja 'Sisters Are Doin' It For Themselves' by Eurythmics & Aretha Franklin
29%
Season 14 Menzeses Jasmine Kennedie vs. Jorgeous 'Something's Got A Hold On Me' by Etta James
29%
All Stars 4 Jersey Justice Manila Luzon vs. Mo Heart 'The Bitch Is Back' by Tina Turner
29%
Season 2 Here Comes The Bride Morgan McMichaels vs. Sahara Davenport 'Carry On' by Martha Wash
25%
Season 13 Snatch Game Elliott with 2 Ts vs. Utica 'Fascinated' by Company B
25%
Season 11 L.A.D.P.! Plastique Tiara vs. Vanessa Vanjie Mateo 'Hood Boy' by Fantasia
25%
All Stars 2 All Star Supergroup Detox vs. Katya vs. Alaska 'If I Were Your Woman' by Gladys Knight & The Pips
25%
Season 3 Make Dat Money Alexis Mateo vs. Yara Sofia 'I Think About You' by Patti LaBelle
25%
All Stars 8 The Letter "L" Kandy Muse vs. Priyanka 'Jumpin', Jumpin'' by Destiny's Child
25%
Season 16 The Mother of All Balls Geneva Karr vs. Hershii LiqCour-Jeté 'Maybe You're The Problem' by Ava Max
25%
All Stars 8 It's RDR Live! Jimbo vs. Pangina Heals 'She Bop' by Cyndi Lauper
25%
Season 11 From Farm to Runway Ra'Jah O'Hara vs. A'Keria C. Davenport 'Strut' by Sheena Easton
25%
All Stars 7 Dance Like Drag Queen Jinkx Monsoon vs. Monet X Change 'The Night The Lights Went Out In Georgia Monologue' by Dixie Carter
25%
Season 14 60s Girl Groups Jasmine Kennedie vs. Kerri Colby 'Un-Break My Heart (Hex Hector Remix)' by Toni Braxton
25%
Season 9 Category Is Trinity The Tuck vs. Shea Coulee vs. Peppermint vs. Sasha Velour 'U Wear It Well' by RuPaul
25%
Season 15 Blame It on the Edit Anetra vs. Mistress Isabelle Brooks 'When Love Takes Over' by David Guetta & Kelly Rowland
25%
All Stars 6 Show Up Queen! Alexis Mateo vs. Trinity K. Bonet 'Dance Again' by Jennifer Lopez & Pitbull
21%
Season 14 Moulin Ru: The Rusical Bosco vs. Jorgeous 'Heartbreak Hotel (Hex Hector Remix)' by Whitney Houston
21%
All Stars 7 Lip Sync LaLaPaRuza Smackdown Jaida Essence Hall vs. Raja 'Let's Hear It For The Boy' by Deniece Williams
21%
All Stars 6 The Blue Ball Brooke Lynn Hytes vs. Ra'Jah O'Hara 'Miss You Much' by Janet Jackson
21%
Season 7 Snatch Game Jaidynn Diore Fierce vs. Max 'No More Lies' by Michel'le
21%
Season 11 Queens Everywhere Brooke Lynn Hytes vs. Vanessa Vanjie Mateo 'Pride (A Deeper Love)' by Aretha Franklin
21%
All Stars 7 Lip Sync LaLaPaRuza Smackdown The Vivienne vs. Yvie Oddly 'Push It' by Salt-N-Pepa
21%
Season 12 Droop Widow Von'Du vs. Jan 'This Is My Night' by Chaka Khan
21%
Season 1 Mac Viva-Glam Challenge Jade vs. Rebecca Glasscock 'Would I Lie To You?' by Eurythmics
21%
Season 14 An Extra Special Episode Lady Camden vs. Bosco 'Don't Let Go (Love)' by En Vogue
18%
Season 15 LipSync Lalaparuza Smackdown Spice vs. Loosey LaDuca 'Do You Wanna Touch Me (Oh Yeah)' by Joan Jett
18%
Season 15 Teacher Makeovers Loosey LaDuca vs. Luxx Noir London 'For The Girls' by Hayley Kiyoko
18%
Season 12 Grand Finale Jaida Essence Hall 'Get Up' by Ciara & Chamillionaire
18%
Season 13 Gettin' Lucky Kandy Muse vs. Gottmik vs. Rosé vs. Symone 'I Learned From The Best (HQ2 Radio Mix)' by Whitney Houston
18%
All Stars 8 JOAN: The Unauthorized Rusical! Angeria Paris VanMichaels vs. Kandy Muse 'I'm Not Perfect (But I'm Perfect For You)' by Grace Jones
18%
Season 15 Old Friends Gold Robin Fierce vs. Jax 'In Your Room' by The Bangles
18%
All Stars 4 Sex and the Kitty Girl Mo Heart vs. Trinity The Tuck 'When I Think Of You' by Janet Jackson
18%
Season 6 Snatch Game Laganja Estranja vs. Gia Gunn 'Head To Toe' by Lisa Lisa & The Cult Jam
14%
All Stars 7 Legendary Legends Looks Jaida Essence Hall vs. Trinity The Tuck 'I Want Love' by Jessie J
14%
Season 8 RuCo's Empire Robbie Turner vs. Cynthia Lee Fontaine 'Mesmerized (Freemasons Radio Edit)' by Faith Evans
14%
Season 4 The Fabulous Bitch Ball Chad Michaels vs. Latrice Royale 'No One Else On Earth' by Wynonna Judd
14%
All Stars 1 It Takes Two Chad Michaels vs. Mimi Imfurst 'Opposites Attract' by Paula Abdul
14%
Season 2 The Diva Awards Jujubee vs. Tatianna 'Something He Can Feel' by Aretha Franklin
14%
All Stars 7 Total RU-Quest Live The Vivienne vs. Yvie Oddly 'Why'd You Come In Here Lookin' Like That' by Dolly Parton
14%
Season 5 Scent Of A Drag Queen Alyssa Edwards vs. Roxxxy Andrews 'Ain't Nothin' Goin' On But The Rent' by Gwen Guthrie
11%
All Stars 8 Grand Finale Kandy Muse vs. Jimbo 'Do Ya Wanna Funk' by Sylvester, Patrick Cowley
11%
All Stars 3 Handmaids to Kitty Girls BenDeLaCreme vs. BeBe Zahara Benet 'Nobody's Supposed To Be Here (Hex Hector Dance Mix)' by Deborah Cox
11%
Season 3 The Snatch Game Delta Work vs. Mariah 'Looking For A New Love' by Jody Watley
7%
All Stars 7 Fairytale Justice The Vivienne vs. Jinkx Monsoon 'Love Will Save The Day (Jellybean, David Morales Remix)' by Whitney Houston
7%
No matching quizzes found
Score Distribution
Percent of People with Each Score
Percentile by Number Answered
Your Score History
You have not taken this quiz since the last reset